000 00419nam a2200145Ia 4500
008 090124s9999 xx 000 0 und d
082 _b304823
245 _a अजगर
250 _a3
260 _bखानोलकर चिं.त्र्यं.(चिंतामणी त्र्यंबक)(आरती
_c2003
300 _a90
630 _a अजगर
730 _a अजगर
942 _cBOOK
999 _c194752
_d194752